Statistics for Sequential Drive-Through Cities

Click here to take the quiz!

General Stats

  • This quiz has been taken 163 times
  • The average score is 9 of 13

Answers on the Map

Answers color-coded by a green-red scale on the quiz's map according to % correct below.
 

Answer Stats

StateAnswer% Correct
NYNew York
95%
DCWashington
94%
MDBaltimore
92%
PAPhiladelphia
92%
CTHartford
83%
RIProvidence
83%
NJTrenton
77%
CTBridgeport
60%
CTNew Haven
59%
MASpringfield
53%
MAWorcester
50%
VAFredericksburg
27%
MDAberdeen
14%

Score Distribution

Percentile by Number Answered

Percent of People with Each Score

Your Score History

You have not taken this quiz